000 00572nam a2200193Ia 4500
003 GCL
008 140319s9999 xx 000 0 ara d
040 _aGCL /
_cGCL
082 0 4 _aد
_b050
100 1 _aمعتز سيد عبدالله
245 1 0 _aالاتجاهات التعصبية ( عالم المعرفة 137 ) /
_cمعتز سيد عبدالله
300 _a302 ص
490 _aعالم المعرفة
_v0
650 0 4 _aعلم النفس
650 0 4 _aالتعصب
650 0 4 _aالامراض النفسية
650 0 4 _aالتفرقة
942 _2ddc
_cBK
999 _c50297
_d50297